000 00855nam a2200289Ia 4500
003 OSt
005 20221006153448.0
006 a|||||r|||| 00| 0
007 ta
008 221006b |||||||| |||| 00| 0 eng d
020 _a9789570153354
_c
_23.00
024 _a32,398
037 _bGift, Republic of China
_cTextual
040 _aEASL
_cEASL
_beng
041 _2eng
_aeng
082 _aw4295,N59, P3
100 _aChang Chao-tang etc
_9664085
245 0 _aCreative visions
_b Contemporary artists of Taiwan
250 _a1st ed
260 _aTaiwan
_bCouncil for Cultural Affairs ROC
_c2003
300 _a158p.
_ccm.
490 _v CEL
650 _a CEL
650 _aArtists - Biographies -Taiwan
_9664086
942 _hw4295,N59, P3
_cTEXL
_2CC
999 _c1100484
_d1100484